000 00406nam a22001697a 4500
005 20180802152849.0
008 160511b xxu||||| |||| 00| 0 eng d
020 _a81-7446448-4
041 _aeng
082 _b1255
_a658.3
100 _aRAO, V.S.P.
_94700
245 _aHuman resource management
260 _aNew Delhi
_bExcel Books,
_c2005
300 _a709p,
650 _aManagement
_9241
942 _cBK
999 _c527
_d527